| 000 | 00686nam a2200217 a 4500 | ||
|---|---|---|---|
| 001 | BRCA_2779 | ||
| 005 | 20190320203951.0 | ||
| 008 | 081208s1962----sz-a---###---#000-0#ger-u | ||
| 050 | 4 |
_aNK4565 _b.B48 _c1962 |
|
| 100 | 1 |
_aBeurdeley, Michel _97813 |
|
| 245 | 1 | 0 |
_aPorzellan aus China Compagnie des Indes _cvon Michel Beurdeley. |
| 260 |
_aFribourg, Suiza _bOffice au Livre _c1962 |
||
| 300 |
_a224 p. _bil. _c30 cm. |
||
| 500 | _aAA92 | ||
| 500 | _aVer también Y20 Y32 e Y126 (versión francófona) | ||
| 500 | _aIncluye tabla cronológica | ||
| 504 | _aBibliografía: p. 216-217 | ||
| 650 | 1 | 4 |
_aPorcelana china _vColeccionistas y colecciones _97814 |
| 902 | _aGFM | ||
| 942 |
_2lcc _cB |
||
| 999 |
_c2519 _d2519 |
||